<?xml version="1.0" encoding="UTF-8"?><?xml-stylesheet type="text/xsl" href="static/style.xsl"?><OAI-PMH xmlns="http://www.openarchives.org/OAI/2.0/" xmlns:xsi="http://www.w3.org/2001/XMLSchema-instance" xsi:schemaLocation="http://www.openarchives.org/OAI/2.0/ http://www.openarchives.org/OAI/2.0/OAI-PMH.xsd"><responseDate>2026-04-28T19:10:33Z</responseDate><request verb="GetRecord" identifier="oai:uvadoc.uva.es:10324/65963" metadataPrefix="marc">https://uvadoc.uva.es/oai/request</request><GetRecord><record><header><identifier>oai:uvadoc.uva.es:10324/65963</identifier><datestamp>2024-02-09T12:21:32Z</datestamp><setSpec>com_10324_1175</setSpec><setSpec>com_10324_931</setSpec><setSpec>com_10324_894</setSpec><setSpec>col_10324_1355</setSpec></header><metadata><record xmlns="http://www.loc.gov/MARC21/slim" xmlns:doc="http://www.lyncode.com/xoai" xmlns:xsi="http://www.w3.org/2001/XMLSchema-instance" xmlns:dcterms="http://purl.org/dc/terms/" xsi:schemaLocation="http://www.loc.gov/MARC21/slim http://www.loc.gov/standards/marcxml/schema/MARC21slim.xsd">
<leader>00925njm 22002777a 4500</leader>
<datafield tag="042" ind1=" " ind2=" ">
<subfield code="a">dc</subfield>
</datafield>
<datafield tag="720" ind1=" " ind2=" ">
<subfield code="a">Morán Rodríguez, Carmen</subfield>
<subfield code="e">author</subfield>
</datafield>
<datafield tag="260" ind1=" " ind2=" ">
<subfield code="c">2020</subfield>
</datafield>
<datafield tag="520" ind1=" " ind2=" ">
<subfield code="a">A partir de la localización y análisis de varios ejemplos se analizan las estrategias de Miguel Delibes para hacer referencia velada al contexto histórico inmediato de la posguerra en sus novelas.</subfield>
</datafield>
<datafield tag="024" ind2=" " ind1="8">
<subfield code="a">Ínsula. Revista de letras y ciencias humanas, 877-878 (2020): 44-48</subfield>
</datafield>
<datafield tag="024" ind2=" " ind1="8">
<subfield code="a">0020-4536</subfield>
</datafield>
<datafield tag="024" ind2=" " ind1="8">
<subfield code="a">https://uvadoc.uva.es/handle/10324/65963</subfield>
</datafield>
<datafield tag="024" ind2=" " ind1="8">
<subfield code="a">44</subfield>
</datafield>
<datafield tag="024" ind2=" " ind1="8">
<subfield code="a">877-878</subfield>
</datafield>
<datafield tag="024" ind2=" " ind1="8">
<subfield code="a">48</subfield>
</datafield>
<datafield tag="024" ind2=" " ind1="8">
<subfield code="a">Ínsula</subfield>
</datafield>
<datafield ind1=" " ind2=" " tag="653">
<subfield code="a">Literatura</subfield>
</datafield>
<datafield tag="245" ind1="0" ind2="0">
<subfield code="a">La sombra de la historia es alargada. Referencias al contexto histórico en las novelas de Miguel Delibes</subfield>
</datafield>
</record></metadata></record></GetRecord></OAI-PMH>